Australia by Letter - R - Statistics

General Stats
  • This quiz has been taken 15 times
  • The average score is 7 of 10
Answer Stats
Hint Answer % Correct
Word often found before certain place names, such as ____ Botanic Gardens, ____ North Shore Hospital, ____ Australian Mint, ____ National Park Royal
100%
2002 movie "______-Proof Fence" Rabbit
93%
Venomous spider with a distinctive coloured stripe Redback
87%
The word that these place names share: ____hampton (Qld), ____ingham (WA), ____dale (NSW) Rock
87%
A Sydney suburb, home to a racecourse and Children's Hospital Randwick
73%
Australia's top selling vehicle in 2025, the Ford ______ Ranger
67%
Meat patty often served as a main course for dinner in Australia Rissole
67%
Island off the coast of Western Australia, well-known for its quokka population Rottnest Island
67%
A common place name, found in Queensland, New South Wales, Victoria and Tasmania, that is also a US state capital name Richmond
60%
Red-coloured confectionery, made by Nestle, which had a name change in 2020 Red Ripperz
33%
No matching quizzes found
Score Distribution
Percent of People with Each Score
Percentile by Number Answered
Your Score History
You have not taken this quiz